[Event "Bogota Bonita op"]
[Site "Bogota"]
[Date "2019.09.29"]
[Round "6"]
[White "Gomez, Julio Cesar"]
[Black "Guerra Verano, Diana"]
[Result "1-0"]
[WhiteElo "1600"]
[BlackElo "1603"]
[PlyCount "101"]
[EventDate "2019.09.26"]
[EventType "swiss"]
[EventRounds "7"]
[EventCountry "COL"]
[SourceTitle "EXT 2020"]
[Source "ChessBase"]
[SourceDate "2019.10.17"]
[SourceVersion "1"]
[SourceVersionDate "2019.10.17"]
[SourceQuality "1"]

1. d4 Nf6 2. Bf4 b6 3. f3 e6 4. e4 Bb7 5. c3 c5 6. Bd3 d6 7. Bb5+ Nbd7 8. dxc5 dxc5 9. Bg5 Be7 10. Bxf6 Bxf6 11. Na3 a6 12. Bxd7+ Qxd7 13. Qxd7+ Kxd7 14. 0-0-0+ Kc7 15. Ne2 Rad8 16. Nc4 Bg5+ 17. Kc2 f6 18. b3 b5 19. Nb2 f5 20. e5 Bh6 21. Nd3 c4 22. Nc5 cxb3+ 23. axb3 Bc8 24. Nd4 Rhe8 25. Rhe1 Rd5 26. Ndxe6+ Kc6 27. Rxd5 Kxd5 28. Nc7+ Kxc5 29. Nxe8 Kd5 30. Nd6 Be6 31. g3 g5 32. c4+ bxc4 33. Nxc4 f4 34. Rd1+ Kc5 35. Rd6 Bxc4 36. Rxh6 Be2 37. gxf4 gxf4 38. Rf6 Bxf3 39. Rxf4 Bh5 40. Kc3 Kd5 41. Ra4 Be2 42. Ra5+ Ke6 43. Kd4 Bf1 44. Ra1 Be2 45. Ra2 Bb5 46. Rf2 a5 47. Ra2 a4 48. bxa4 Ba6 49. Rf2 Bb7 50. Rf6+ Ke7 51. Rh6 1-0

[Event "Bogota Bonita op"]
[Site "Bogota"]
[Date "2019.09.29"]
[Round "7"]
[White "Jaimes, Fredy Alexander"]
[Black "Gomez, Julio Cesar"]
[Result "1/2-1/2"]
[WhiteElo "1859"]
[BlackElo "1600"]
[PlyCount "81"]
[EventDate "2019.09.26"]
[EventType "swiss"]
[EventRounds "7"]
[EventCountry "COL"]
[SourceTitle "EXT 2020"]
[Source "ChessBase"]
[SourceDate "2019.10.17"]
[SourceVersion "1"]
[SourceVersionDate "2019.10.17"]
[SourceQuality "1"]

1. e4 g6 2. d4 Bg7 3. f4 d6 4. Nf3 Nf6 5. Nc3 c5 6. Bb5+ Bd7 7. e5 Ng8 8. 0-0 Bxb5 9. Nxb5 Qb6 10. c4 cxd4 11. exd6 exd6 12. Re1+ Ne7 13. Kh1 a6 14. Qa4 Kf8 15. Qa3 Nbc6 16. Nxd6 Qb4 17. Bd2 Qxa3 18. bxa3 h6 19. Rab1 Bf6 20. Ne5 Bxe5 21. fxe5 Kg7 22. Rxb7 Rhb8 23. Reb1 Rxb7 24. Rxb7 Rb8 25. Rxb8 Nxb8 26. Bf4 Nec6 27. Ne8+ Kf8 28. Nf6 g5 29. Bg3 Ke7 30. Kg1 Ke6 31. Kf1 Nxe5 32. Bxe5 Kxe5 33. Ng4+ Ke4 34. Ke2 Nd7 35. Nf2+ Ke5 36. Nd3+ Kd6 37. Nc1 Kc5 38. Kd3 Ne5+ 39. Ke4 f6 40. Nb3+ Kxc4 41. Nxd4 1/2-1/2